[Event "ESP Ronda op"]
[Site "Spain"]
[Date "1998.??.??"]
[Round "?"]
[White "Gunnarsson, Jon Viktor"]
[Black "Rosa, M."]
[Result "1-0"]
[WhiteElo "2445"]
[BlackElo "2010"]
[PlyCount "73"]
[EventDate "1998.??.??"]
[EventType "swiss"]
[EventRounds "9"]
[EventCountry "ESP"]
[SourceTitle "EXT 2003"]
[Source "ChessBase"]
[SourceDate "2002.11.25"]
[SourceVersion "1"]
[SourceVersionDate "2002.11.25"]
[SourceQuality "1"]

1. e4 c6 2. d4 d5 3. Nd2 dxe4 4. Nxe4 Bf5 5. Ng3 Bg6 6. Nf3 Nd7 7. h4 h6 8. h5 Bh7 9. Bd3 Bxd3 10. Qxd3 Ngf6 11. Bf4 e6 12. 0-0-0 Be7 13. Qe2 Qa5 14. Kb1 0-0 15. c4 Rfe8 16. Ne5 Bf8 17. Qf3 Rac8 18. Rhe1 a6 19. Nxd7 Nxd7 20. Ne4 e5 21. Bxh6 exd4 22. Bd2 Qd8 23. Qg3 Kh8 24. h6 g6 25. Bg5 Qa5 26. Qh4 Re6 27. Bd2 Qf5 28. f3 Rce8 29. Ka1 Be7 30. Qf2 Qh5 31. Qxd4+ Nf6 32. g4 Qe5 33. Qxe5 Rxe5 34. Bc3 Nxe4 35. Rxe4 Bf6 36. g5 Rxe4 37. Bxf6+ 1-0